Statistics for Rolling Stones songs by lyrics

Click here to take the quiz!

General Stats

  • This quiz has been taken 74 times
  • The average score is 10 of 15

Answer Stats

Lyrics Song % Correct
When I'm drivin' in my car / And that man comes on the radio / And he's tellin' me more and more / About some useless information(I Can't Get No) Satisfaction
93%
Please allow me to introduce myself / I'm a man of wealth and tasteSympathy for the Devil
87%
I see the girls walk by, dressed in their summer clothes / I have to turn my head until my darkness goesPaint it Black
85%
I was born in a crossfire hurricane / And I howled at my ma in the driving rainJumpin' Jack Flash
82%
With no loving in our souls and no money in our coats / You can't say we're satisfiedAngie
78%
Gold coast slave ship bound for cotton fields / Sold in a market down in New OrleansBrown Sugar
76%
War, children, it's just a shot away / It's just a shot awayGimme Shelter
76%
I met a gin soaked, bar-room queen in Memphis / She tried to take me upstairs for a rideHonky Tonk Women
74%
I've been holding out so long / I've been sleeping all alone / Lord I miss youMiss You
74%
She would never say where she came from / Yesterday don't matter if it's goneRuby Tuesday
69%
If I could stick my pen in my heart / And spill it all over the stage / Would it satisfy ya, would it slide on by yaIt's Only Rock 'N Roll (But I Like It)
54%
Well, then what can a poor boy do / Except to sing for a rock 'n' roll bandStreet Fighting Man
54%
She comes in colors everywhere / She combs her hair / She's like a rainbow / Coming, colors in the airShe's a Rainbow
50%
I live in an apartment on the ninety-ninth floor of my block / And I sit at home looking out the window / Imagining the world has stoppedGet Off of My Cloud
40%
Don't hang me up just to let me down (don't let me down) / We could have fun just groovin' around around and aroundLet's Spend the Night Together
37%

Score Distribution

Percentile by Number Answered

Percent of People with Each Score

Your Score History

You have not taken this quiz